Operaciones en las extremidades / (Record no. 141741)

MARC details
000 -LEADER
campo de control de longitud fija 00551nam a2200169 i 4500
001 - NÚMERO DE CONTROL
campo de control 141741
003 - IDENTIFICADOR DE NÚMERO DE CONTROL
campo de control ES-MaACL
005 - FECHA Y HORA DE LA ÚLTIMA TRANSACCIÓN
campo de control 20230906200346.0
007 - CAMPO FIJO DE DESCRIPCIÓN FÍSICA--INFORMACIÓN GENERAL
campo de control de longitud fija t|
008 - DATOS DE LONGITUD FIJA--INFORMACIÓN GENERAL
campo de control de longitud fija 070927s1964 sp ||||1| spa d
100 1# - ENTRADA PRINCIPAL--NOMBRE DE PERSONA
Nombre de persona Wachsmuth, Werner.
9 (RLIN) 115797
245 10 - MENCIÓN DEL TÍTULO
Título Operaciones en las extremidades /
Mención de responsabilidad, etc. por Werner Wachsmuth ; [traducción española revisada por Jaime Vilahur Pedrals].
260 ## - PUBLICACIÓN, DISTRIBUCIÓN, ETC.
Lugar de publicación, distribución, etc. Barcelona :
Nombre del editor, distribuidor, etc. Labor,
Fecha de publicación, distribución, etc. 1964.
300 ## - DESCRIPCIÓN FÍSICA
Extensión 2 v. :
Otras características físicas il. ;
Dimensiones 25 cm.
700 1# - ENTRADA AGREGADA--NOMBRE PERSONAL
Nombre de persona Vilahur Pedrals, Jaime.
9 (RLIN) 114765
852 ## - LOCALIZACIÓN
Ubicación ES-MaACL
Número de control de estantería C-27596-7
Sublocalización o colección R.56327
Holdings
Estatus retirado Estado de pérdida Estado de daño No para préstamo Biblioteca de origen Biblioteca actual Ubicación en estantería Fecha de adquisición Fuente de adquisición Total de préstamos Signatura topográfica completa Código de barras Visto por última vez Precio de reemplazo Tipo de ítem Koha
        Biblioteca del Ateneo de Madrid Biblioteca del Ateneo de Madrid Depósito 2 17/01/2008     C-27596-7 1147484 23/02/2023 23/02/2023 Libro impreso